Alternatives to frustration (Record no. 84479)

MARC details
000 -LEADER
fixed length control field 00651cab a22001815a 4500
001 - CONTROL NUMBER
control field L157866
008 - FIXED-LENGTH DATA ELEMENTS--GENERAL INFORMATION
fixed length control field 130619e20130608xxk 000 0 eng d
035 ## - SYSTEM CONTROL NUMBER
System control number (Sirsi) u157866
041 0# - LANGUAGE CODE
Language code of text/sound track or separate title eng
100 1# - MAIN ENTRY--PERSONAL NAME
Personal name Rainey, Philip
245 00 - TITLE STATEMENT
Title Alternatives to frustration
260 ## - PUBLICATION, DISTRIBUTION, ETC.
Date of publication, distribution, etc. 2013
490 ## - SERIES STATEMENT
Series statement Estates Gazette
Volume/sequential designation (1323) 8 June 2013, 74(1)
520 ## - SUMMARY, ETC.
Summary, etc. Discusses whether landlords could escape the burden of the laws governing residential service charges and mentions alternatives such as non-variable service charge, estate rentcharge and commonhold.
651 #4 - SUBJECT ADDED ENTRY--GEOGRAPHIC NAME
Geographic name England and Wales
Chronological subdivision 1543-
690 ## - LOCAL SUBJECT ADDED ENTRY--TOPICAL TERM (OCLC, RLIN)
Topical term or geographic name as entry element Property management
9 (RLIN) 6262
942 ## - ADDED ENTRY ELEMENTS (KOHA)
Suppress in OPAC 0
Holdings
Withdrawn status Lost status Source of classification or shelving scheme Damaged status Not for loan Home library Current library Shelving location Date acquired Total Checkouts Full call number Barcode Date last seen Copy number Price effective from Koha item type
    Dewey Decimal Classification     London London Journal article 19/06/2013   L157866 157866-1001 06/08/2019 1 06/08/2019 Journal article